Plan literario de estudios y arreglo general de las universidades del Reyno. (Record no. 162236)

MARC details
000 -LEADER
campo de control de longitud fija 00564nam a2200157 i 4500
001 - NÚMERO DE CONTROL
campo de control 162236
003 - IDENTIFICADOR DE NÚMERO DE CONTROL
campo de control ES-MaACL
005 - FECHA Y HORA DE LA ÚLTIMA TRANSACCIÓN
campo de control 20230906212447.0
008 - DATOS DE LONGITUD FIJA--INFORMACIÓN GENERAL
campo de control de longitud fija 970410s1826 sp |||| | spa d
245 00 - MENCIÓN DEL TÍTULO
Título Plan literario de estudios y arreglo general de las universidades del Reyno.
260 ## - PUBLICACIÓN, DISTRIBUCIÓN, ETC.
Lugar de publicación, distribución, etc. Madrid :
Nombre del editor, distribuidor, etc. [s.n.],
Fecha de publicación, distribución, etc. 1826 (
Fabricante por Don León Amarita, impresor de la Inspección General)
300 ## - DESCRIPCIÓN FÍSICA
Extensión VIII, 86, [2] p. ;
Dimensiones 20 cm.
597 ## - NOTA DE DESCRIPCIÓN FÍSICA
NOTA DE DESCRIPCIÓN FÍSICA Signaturizado.
650 #4 - PUNTO DE ACCESO ADICIONAL DE MATERIA--TÉRMINO DE MATERIA
Término de materia o nombre geográfico como elemento de entrada Enseñanza superior-
Subdivisión geográfica España-
Subdivisión cronológica S.XIX.
9 (RLIN) 144821
852 ## - LOCALIZACIÓN
Ubicación ES-MaACL
Número de control de estantería G-9618(6)
Nota libre - Enc. hol.
Holdings
Estatus retirado Estado de pérdida Estado de daño No para préstamo Colección Biblioteca de origen Biblioteca actual Ubicación en estantería Fecha de adquisición Fuente de adquisición Total de préstamos Signatura topográfica completa Código de barras Visto por última vez Precio de reemplazo Tipo de ítem Koha
        Libros del s. XIX Biblioteca del Ateneo de Madrid Biblioteca del Ateneo de Madrid Sala Pecera Planta 3 17/01/2008     G-9618(6) 1169965 23/02/2023 23/02/2023 Libro impreso antiguo